00772nam a22002177a 45000010005000000030006000050050017000110080041000280200015000690400029000840820011001131000010001242450075001342600040002093000049002494900049002985050008003475200159003555210020005145210020005348757FISKH20251017105249.0251017b cb ||||| |||| 00| 0 eng d a0394900383 aFISKHbengcFISKHdFISKH a813.54 aSeuss aFox in socks : bA tongue twister for super children / cBy Dr. Seuss  aNew York : bRandom House , c1965. a61 pages : bcolor illustrations ;c22 cm .  aI can read it all by myselfvBeginner Books  aG  aPresents selected tongue twisters from a Dr. Seuss favorite with touch-and-feel tabs to let readers feel the fluffy chick, scratchy brick, and sticky goo.8 a380 bLexile 8 aG bRaz-Plus